Religions by Language in Canada - Statistics

General Stats
  • This quiz has been taken 74 times
    73 since last reset
  • The average score is 77 of 101
Answer Stats
Number of Language % Correct
102,000 | 130,000 | 20,000 | +7 others English
100%
10,000 | 20,000 | 200,000 | +4 others French
100%
72,000 | 85,000 Russian
95%
118,000 | 18,000 | 185,000 | +2 others Arabic
93%
120,000 | 15,000 | 165,000 German
92%
10,000 | 100,000 Hindi
92%
48,000 | 50,000 | 63,000 | 77,000 Mandarin
92%
17,000 | 55,000 Ukrainian
92%
16,000 | 316,000 | 69,000 Spanish
90%
301,000 Italian
86%
40,000 Japanese
85%
147,000 Polish
85%
100,000 Greek
83%
189,000 Portuguese
83%
10,000 | 60,000 Romanian
83%
39,000 | 75,000 Vietnamese
83%
13,000 | 37,000 Dutch
81%
18,000 Hebrew
81%
16,000 | 31,000 | 54,000 Korean
81%
345,000 | 78,000 Tagalog
81%
32,000 Turkish
81%
12,000 Malay
78%
48,000 Serbian
78%
220,000 Urdu
78%
118,000 | 21,000 Persian
76%
45,000 | 54,000 | 64,000 | 69,000 Cantonese
75%
100,000 | 206,000 Punjabi
75%
69,000 Bengali
71%
43,000 Croatian
68%
11,000 Danish
68%
20,000 Khmer
68%
15,000 | 99,000 Tamil
68%
16,000 Bulgarian
66%
12,000 Finnish
66%
13,000 Yiddish
66%
34,000 Armenian
64%
14,000 | 33,000 Hungarian
63%
10,000 Lao
63%
11,000 Slovak
63%
12,000 Bosnian
56%
76,000 Gujarati
54%
16,000 Nepali
54%
17,000 Pashto
53%
10,000 Swahili
51%
16,000 Telugu
51%
16,000 Amharic
47%
14,000 Sinhala
47%
10,000 Malayalam
46%
35,000 Somali
46%
16,000 | 50,000 Haitian Creole
41%
15,000 Macedonian
37%
12,000 Kabyle
34%
12,000 Kurdish
31%
12,000 Sindhi
27%
19,000 Cebuano
22%
25,000 Inuktitut
15%
14,000 Tigrigna
15%
25,000 Ilocano
12%
No matching quizzes found
Score Distribution
Percent of People with Each Score
Percentile by Number Answered
Your Score History
You have not taken this quiz since the last reset